000 00308nam a22001337a 4500
008 170614b xxu||||| |||| 00| 0 eng d
020 _a9780813368450
041 _aeng
080 _23 ED
_a32
100 _a19
101 _aSHP
245 _aGLOBAL ENVIRONMENTAL POLITICS
_cCHASEK.P.S
942 _2udc
_cBK
999 _c17282
_d17282